Teams der Liga Portugal 25/26 - Statistiken

Allgemein
  • Dieses Quiz wurde 28 mal gespielt
  • Das Durchschnittsergebnis liegt bei 9 aus 18
Antwortstatistiken
Antwort % Korrekt
Sporting CP
100%
FC Porto
96%
SC Braga
96%
SL Benfica
92%
Vitória Guimarães SC
58%
Rio Ave FC
54%
Moreirense FC
50%
CD Santa Clara
46%
GD Estroil Praia
42%
FC Famalicao
33%
Gil Vicente FC
33%
Casa Pia AC
29%
CF Estrela da Amadora
29%
AVS Futebol SAD
25%
CD Nacional
21%
FC Arouca
21%
FC Alverca
17%
CD Tondela
13%
Keine übereinstimmenden Quizze gefunden
Verteilung der Resultate
Anzahl Personen mit jedem Resultat
Perzentil nach korrekt beantworteten Fragen
Ihre Resultats-Entwicklung
Sie haben dieses Quiz noch nicht gespielt